00942cam a22002411 450000100060000000300080000600500170001400800410003103500190007203500190009104000390011004100080014908200180015710000330017524501520020826000520036030000490041250400300046165000430049194200120053499900170054695201370056319436BD-RjUL20211209000431.0140224s1955 nyuab b 000 0 eng d a(BD-RjUL)19496 a(OCoLC)2418700 aDLCcVtUdOCoLCdDLCdBD-RjULbeng aeng04bLAS 1955a7371 aLang, David Marshall.95972710aStudies in the numismatic history of Georgia in Transcaucasia :bbased on the collection of the American Numismatic Society /cDavid Marshall. Lang aNew York :bAmerican Numismatic Society,c1955. ax, 138 p. :billus., maps (1 fold.),c23 cm. aBibliography: p. 126-131. 0aNumismaticszGeorgia (Republic)959729 2ddccBK c19436d19436 00102ddc40718NFICaRUCLbRUCLcStackd1962-12-13eZeithlinger.g35.00l0o737 LAS 1955r2014-02-24 00:00:00tC-1w2014-02-24yBK